|
|
|
|
| LEADER |
00000nab a2200000 4500 |
| 001 |
vtls012017456 |
| 003 |
SK-MaSNL |
| 005 |
20260318121525.0 |
| 008 |
210310c2019 xo er|n || ||00 c0ukr |
| 015 |
|
|
|a SNBRB2021/03
|
| 038 |
|
|
|a SVKPOCL
|
| 040 |
|
|
|a SVKPOCL
|b slo
|c SVKPOCL
|e rda
|
| 041 |
0 |
|
|a ukr
|
| 043 |
|
|
|a e-xo---
|
| 044 |
|
|
|a xo
|c SK
|
| 072 |
|
7 |
|a 371
|x Školstvo (organizácia)
|2 konspekt
|
| 072 |
|
7 |
|a 316.7
|x Sociológia kultúry. Kultúrny život
|2 konspekt
|
| 072 |
|
7 |
|a 37.014
|x Vzdelávacia a výchovná politika
|2 konspekt
|
| 080 |
|
|
|a 37.011.3(437.6)-051
|2 2011
|
| 080 |
|
|
|a 316.022.4(=161.2)
|2 2011
|
| 080 |
|
|
|a 316.74
|2 2011
|
| 080 |
|
|
|a (=161.2)
|2 2011
|
| 080 |
|
|
|a (437.6)
|2 2011
|
| 080 |
|
|
|a 930-051
|2 2011
|
| 080 |
|
|
|a 929 Balenčin, Andrej
|2 2011
|
| 100 |
1 |
|
|a Škurla, Michal,
|d 1942-
|4 aut
|9 112053
|
| 245 |
1 |
0 |
|a Pedahoh, hromads'kyj dijač
|b do 85-riččja z dnja narodžennja Andrija Balenčyna
|c Mychajlo Škurla.
|
| 300 |
|
|
|b Fotografie
|
| 336 |
|
|
|a text
|b txt
|2 rdacontent
|
| 337 |
|
|
|a bez média
|b n
|2 rdamedia
|
| 338 |
|
|
|a zväzok
|b nc
|2 rdacarrier
|
| 500 |
|
|
|a V rubrike Dijal'nist' našoho Sojuzu
|
| 600 |
1 |
7 |
|a Balenčin, Andrej,
|d 1934-
|2 svkpocl
|9 1323340
|
| 610 |
2 |
7 |
|a Zväz Rusínov-Ukrajincov Slovenskej republiky
|2 SNKKA
|9 18604
|
| 610 |
2 |
7 |
|a Kultúrny zväz ukrajinských pracujúcich (Prešov, Slovensko)
|2 svkpocl
|9 1221748
|
| 648 |
|
7 |
|a 24.12.1934
|2 svkpocl
|9 1579498
|
| 650 |
0 |
7 |
|a školskí inšpektori
|2 SNKPH
|9 71677
|
| 650 |
0 |
7 |
|a rodáci
|2 SNKPH
|9 30842
|
| 650 |
0 |
7 |
|a kultúrno-osvetoví pracovníci
|2 SNKPH
|9 85340
|
| 650 |
0 |
7 |
|a osobnosti
|2 SNKPH
|9 29820
|
| 650 |
0 |
7 |
|a školská správa
|2 SNKPH
|9 18129
|
| 650 |
0 |
7 |
|a kultúrni pracovníci
|2 SNKPH
|9 74938
|
| 650 |
0 |
7 |
|a národnostné školstvo
|2 SNKPH
|9 71418
|
| 650 |
0 |
7 |
|a biografia
|2 SNKPH
|9 71085
|
| 650 |
0 |
7 |
|a školská inšpekcia
|2 SNKPH
|9 70272
|
| 650 |
0 |
7 |
|a stredné školy
|2 svkpocl
|9 1279
|
| 651 |
|
7 |
|a Košice (Slovensko)
|2 SNKPHgeo
|9 18694
|
| 651 |
|
7 |
|a Slovensko
|2 SNKPHgeo
|9 14231
|
| 651 |
|
7 |
|a Prešov (Slovensko)
|2 SNKPHgeo
|9 17347
|
| 651 |
|
7 |
|a Beloveža (Slovensko)
|2 SNKPHgeo
|9 35284
|
| 655 |
|
7 |
|a biografie
|2 SNKPH
|9 27965
|
| 773 |
0 |
|
|t Nove žyttja
|g Roč. 69, č. 25 (2019), s. 2
|
| 852 |
|
|
|a SVKPO
|b KIS3GCP
|
| 958 |
|
|
|a SS
|
| 958 |
|
|
|a BX
|
| 958 |
|
|
|a UK
|
| 958 |
|
|
|a RN
|
| 958 |
|
|
|a NM
|
| 999 |
|
|
|c 3227997
|d 3229927
|